UM Logo

Beyond that, the sea : (Record no. 24208)

MARC details
000 -LEADER
fixed length control field 00441nam a22001457a 4500
005 - DATE AND TIME OF LATEST TRANSACTION
control field 20251204110455.0
008 - FIXED-LENGTH DATA ELEMENTS--GENERAL INFORMATION
fixed length control field 251204b |||||||| |||| 00| 0 eng d
020 ## - INTERNATIONAL STANDARD BOOK NUMBER
International Standard Book Number 9781250854391
082 ## - DEWEY DECIMAL CLASSIFICATION NUMBER
Classification number DFic As31 2023
100 ## - MAIN ENTRY--PERSONAL NAME
Personal name Ash, Laura Spence.
9 (RLIN) 69415
245 ## - TITLE STATEMENT
Title Beyond that, the sea :
Remainder of title a novel /
Statement of responsibility, etc. Laura Spence-Ash.
260 ## - PUBLICATION, DISTRIBUTION, ETC. (IMPRINT)
Place of publication, distribution, etc. New York :
Name of publisher, distributor, etc. Celadon Books,
Date of publication, distribution, etc. ©2023.
300 ## - PHYSICAL DESCRIPTION
Extent 351 pages :
Other physical details illustrations ;
Dimensions 21 cm.
942 ## - ADDED ENTRY ELEMENTS (KOHA)
Source of classification or shelving scheme Dewey Decimal Classification
Koha item type Fiction
Holdings
Withdrawn status Lost status Source of classification or shelving scheme Damaged status Not for loan Collection code Home library Current library Date acquired Source of acquisition Cost, normal purchase price Total Checkouts Full call number Barcode Date last seen Price effective from Koha item type
    Dewey Decimal Classification     Fiction UM Digos College - LIC UM Digos College - LIC 11/20/2025 Purchased 340.00   DFic As31 2023 29215 12/04/2025 12/04/2025 Fiction